| 000 -LEADER | |
|---|---|
| fixed length control field | 00736nam a22002297a 4500 |
| 005 - DATE AND TIME OF LATEST TRANSACTION | |
| control field | 20250420134812.0 |
| 008 - FIXED-LENGTH DATA ELEMENTS--GENERAL INFORMATION | |
| fixed length control field | 200722b ||||| |||| 00| 0 eng d |
| 020 ## - INTERNATIONAL STANDARD BOOK NUMBER | |
| International Standard Book Number | 9781118744123 |
| 040 ## - CATALOGING SOURCE | |
| Transcribing agency | KCST |
| 082 ## - DEWEY DECIMAL CLASSIFICATION NUMBER | |
| Classification number | 519.5 |
| Item number | Mo Ap |
| 100 ## - MAIN ENTRY--PERSONAL NAME | |
| Personal name | Montgomery, Douglas C |
| 9 (RLIN) | 4658 |
| 245 ## - TITLE STATEMENT | |
| Title | Applied statistics and probability for engineers / |
| Statement of responsibility, etc. | Douglas C Montgomery; George C Runger |
| 250 ## - EDITION STATEMENT | |
| Edition statement | 6th ed. |
| Remainder of edition statement | Int. student version |
| 260 ## - PUBLICATION, DISTRIBUTION, ETC. | |
| Place of publication, distribution, etc. | Hoboken, NJ : |
| Name of publisher, distributor, etc. | John Wiley & Sons, Inc., |
| Date of publication, distribution, etc. | 2014. |
| 300 ## - PHYSICAL DESCRIPTION | |
| Extent | 765 p. |
| 650 ## - SUBJECT ADDED ENTRY--TOPICAL TERM | |
| Topical term or geographic name entry element | Statistics |
| General subdivision | Textbooks. |
| 9 (RLIN) | 4659 |
| 650 ## - SUBJECT ADDED ENTRY--TOPICAL TERM | |
| Topical term or geographic name entry element | Probabilities |
| General subdivision | Textbooks. |
| 9 (RLIN) | 4660 |
| 650 ## - SUBJECT ADDED ENTRY--TOPICAL TERM | |
| Topical term or geographic name entry element | Engineering |
| Form subdivision | Statistical methods |
| General subdivision | Textbooks. |
| 9 (RLIN) | 4661 |
| 700 ## - ADDED ENTRY--PERSONAL NAME | |
| Personal name | Runger, George C |
| 9 (RLIN) | 4662 |
| 942 ## - ADDED ENTRY ELEMENTS (KOHA) | |
| Koha item type | Book |
| 942 ## - ADDED ENTRY ELEMENTS (KOHA) | |
| Source of classification or shelving scheme | Dewey Decimal Classification |
| Withdrawn status | Lost status | Source of classification or shelving scheme | Damaged status | Not for loan | Home library | Current library | Date acquired | Cost, normal purchase price | Total checkouts | Full call number | Barcode | Date last seen | Price effective from | Koha item type |
|---|---|---|---|---|---|---|---|---|---|---|---|---|---|---|
| Dewey Decimal Classification | KCST Library | KCST Library | 22/07/2020 | 22.00 | 519.5 Mo Ap | 1000000354 | 22/07/2020 | 22/07/2020 | Book | |||||
| Dewey Decimal Classification | KCST Library | KCST Library | 22/07/2020 | 22.00 | 519.5 Mo Ap | 1000000353 | 22/07/2020 | 22/07/2020 | Book |